Kroatien-Quiz - Sudden Death - Statistiken

Allgemein
  • Dieses Quiz wurde 252 mal gespielt
  • Das Durchschnittsergebnis liegt bei 4 aus 10
Answers on the Grid
Answers color-coded by a green-red scale on the quiz's grid according to % correct below.
Dies ist die Flagge Kroatiens: 🇭🇷
Die kroatische Hauptstadt ist Zagreb
Kroatien ist Mitglied der Europäischen Union
In Kroatien zahlt man mit der Kuna
Kroatien gehörte nie zu Jugoslawien
Kroatien hat bereits den ESC gewonnen
In Kroatien leben mehr Frauen als Männer
Das kroatische KFZ-Kennzeichen lautet "HR"
Kroatien ist Mitglied der NATO
Kroatien grenzt an das schwarze Meer
Kroatien grenzt an ein Land mit dieser Flagge: 🇮🇹
Kroatien hat mindestens eine Stadt mit 1 Million Einwohnern
Kroatiens Küstenlänge ist länger als die von Peru
Kroatien hat mehr Einwohner als Bosnien-Herzegowina
Flächenmäßig ist Kroatien größer als Bosnien-Herzegowina
Das BIP pro Kopf in Kroatien ist höher als das in Lettland
Der Islam ist die am weitesten verbreitete Glaubensrichtung
Die Insel Brač ist flächenmäßig die größte Insel Kroatiens
In Kroatien gibt es ein Pfandsystem
Die Stadt Dubrovnik ist nach der kroatischen Hauptstadt die größte Stadt
 
Antwortstatistiken
Antwort % Korrekt
Dies ist die Flagge Kroatiens: 🇭🇷
56%
Kroatien ist Mitglied der Europäischen Union
52%
Die kroatische Hauptstadt ist Zagreb
49%
Das kroatische KFZ-Kennzeichen lautet "HR"
47%
Kroatien hat mehr Einwohner als Bosnien-Herzegowina
40%
Kroatien ist Mitglied der NATO
40%
In Kroatien gibt es ein Pfandsystem
22%
Flächenmäßig ist Kroatien größer als Bosnien-Herzegowina
20%
Kroatiens Küstenlänge ist länger als die von Peru
17%
In Kroatien leben mehr Frauen als Männer
13%
Keine übereinstimmenden Quizze gefunden
Verteilung der Resultate
Anzahl Personen mit jedem Resultat
Perzentil nach korrekt beantworteten Fragen
Ihre Resultats-Entwicklung
Sie haben dieses Quiz noch nicht gespielt